000
00205 a2200097 4500
001
22617
100
_a
Haq, A
245
_a
Popular Eng-Urdu Dictionary
260
_a
_b
Oxford
_c
1959
090
_c
15273
_d
15273
942
_a
NUST-CAE
_c
M
_c
5862
999
_c
257690
_d
257690